Saṃskṛta-vyākaraṇa / (Record no. 82222)

MARC details
000 -LEADER
fixed length control field 01232cam a22003011a 4500
001 - CONTROL NUMBER
control field sa 68008073
003 - CONTROL NUMBER IDENTIFIER
control field DLC
005 - DATE AND TIME OF LATEST TRANSACTION
control field 20260227112528.0
008 - FIXED-LENGTH DATA ELEMENTS--GENERAL INFORMATION
fixed length control field 880713s1967 ii c b 000 0 sano
010 ## - LIBRARY OF CONGRESS CONTROL NUMBER
LC control number sa 68008073
035 ## - SYSTEM CONTROL NUMBER
System control number (OCoLC)18211027
040 ## - CATALOGING SOURCE
Original cataloging agency DLC
Transcribing agency WaU
Modifying agency DLC
041 0# - LANGUAGE CODE
Language code of text/sound track or separate title sanhin
042 ## - AUTHENTICATION CODE
Authentication code premarc
050 00 - LIBRARY OF CONGRESS CALL NUMBER
Classification number PK541
Item number .D85
100 1# - MAIN ENTRY--PERSONAL NAME
Personal name Dvivedi, Kapiladeva,
Dates associated with a name 1919-
245 10 - TITLE STATEMENT
Title Saṃskṛta-vyākaraṇa /
Statement of responsibility, etc. Lekhaka Kapiladeva Dvivedī ācārya.
250 ## - EDITION STATEMENT
Edition statement 1. saṃskaraṇa
260 ## - PUBLICATION, DISTRIBUTION, ETC.
Place of publication, distribution, etc. Vārāṇaśī :
Name of publisher, distributor, etc. Viśvavidyālaya Prakāśana,
Date of publication, distribution, etc. 1967.
300 ## - PHYSICAL DESCRIPTION
Extent 44, 447 p. :
Other physical details port. ;
Dimensions 23 cm.
500 ## - GENERAL NOTE
General note Based on and including Varadarāja's Laghusiddhāntakaumudī, and a portion of Bhaṭṭojī-Dikṣita's Siddhāntakaumudī. The former work is based on the latter, which is in turn a commentary on Pāṇini's Aṣṭādyāyī.
500 ## - GENERAL NOTE
General note In Sanskrit: introductory matter, commentary and notes in Hindi.
504 ## - BIBLIOGRAPHY, ETC. NOTE
Bibliography, etc. note Includes bibliographical references.
650 #0 - SUBJECT ADDED ENTRY--TOPICAL TERM
Topical term or geographic name entry element Sanskrit language
General subdivision Grammar.
700 0# - ADDED ENTRY--PERSONAL NAME
Personal name Varadarāja,
Dates associated with a name active 17th century.
Title of a work Laghusiddhāntakaumudī.
700 0# - ADDED ENTRY--PERSONAL NAME
Personal name Bhaṭṭojī Dīkṣita.
Title of a work Siddhāntakaumudī.
700 0# - ADDED ENTRY--PERSONAL NAME
Personal name Pāṇini.
Title of a work Aṣṭādhyāyī.

No items available.

Powered by Koha